| 000 | 01182nam a2200229Ia 4500 | ||
|---|---|---|---|
| 001 | A900-35492 | ||
| 003 | IT-CnALBA | ||
| 008 | 170116s9999||||xx |||||||||||||| ||und|| | ||
| 040 |
_aIT-CnALBA _cIT-CnALBA |
||
| 041 | _aITALIANO | ||
| 100 | _aHARDION GIACOMO | ||
| 245 | 0 | _aSTORIA UNIVERSALE SACRA E PROFANA. TOMO X. | |
| 250 | _a1a ed. | ||
| 260 |
_a TORINO, MILANO, ROMA _bREALE STAMPERIA _c1760 [1° Ed.:1760] |
||
| 300 | _a371 p. | ||
| 500 | _aTRADUZIONE DAL FRANCESE. SECOLO VII. RE DI FRANCIA. TEODORICO. CLOTARIO II. CLOTARIO III. CLODOVEO II. PIPINO. STORIA DI SPAGNA. LIUVA II. SISEBUTA. RECAREDO. TULCA ERVIGE. STORIA D'INGHILTERRA. RE DI MERCIA. EFFEX, KENT. STORIA DELLA CHIESA. RELIGIONE DI | ||
| 501 | _aSocietà San Paolo EM - Piazza San Paolo, 14 - 12051 ALBA (CN) (non commercial uses only) ® Copyright 2017 | ||
| 520 | _aTRADUZIONE DAL FRANCESE. SECOLO VII. RE DI FRANCIA. TEODORICO. CLOTARIO II. CLOTARIO III. CLODOVEO II. PIPINO. STORIA DI SPAGNA. LIUVA II. SISEBUTA. RECAREDO. TULCA ERVIGE. STORIA D'INGHILTERRA. RE DI MERCIA. EFFEX, KENT. STORIA DELLA CHIESA. RELIGIONE DI | ||
| 650 | _aSTORIA UNIVERSALE | ||
| 942 | _cBK | ||
| 957 | _71 | ||
| 999 |
_a40256 _bSI _g Copie: 1 _c294319 _d294319 |
||